[Event "10.OIBM"]
[Site "Bad Wiessee"]
[Date "2006.11.06"]
[Round "3.20"]
[White "Al Sayed, Mohd"]
[Black "Zill, Christoph"]
[Result "1-0"]
[WhiteElo "2486"]
[BlackElo "2270"]
[PlyCount "59"]
[EventDate "2006.??.??"]

1. e4 e6 2. d4 d5 3. Nc3 Bb4 4. e5 c5 5. a3 Bxc3+ 6. bxc3 Ne7 7. Qg4 O-O 8. Bd3
Nbc6 9. Nf3 Ng6 $6 {Dieser Zug wird sehr selten gespielt.
Franzoesisch-Experten wie Wolfgang Uhlmann und Predrag Nikolic spielten hier
schon 9...f6. Der Hauptzug ist aber 9....f5.} 10. Ng5 $1 {Weiss moechte sofort
Naegel mit Koepfen machen. Das Problem von Schwarz ist, dass er die angreifer
nicht vertreiben kann. Schnell wird die weisse Initiative uebermaechtig.} 10...
Qa5 (10... f5 $2 11. Qh5 {kostet hier bereits Material.}) (10... Nce7 11. h4
Qa5 12. Bd2 h6 13. h5 Nxe5 14. dxe5 hxg5 15. Qxg5 f6 16. exf6 Rxf6 17. h6 {
mit durchschlagendem Angriff.}) 11. Bd2 c4 {Diagramm #} 12. Qh5 h6 13. Nxf7
cxd3 {Danach gewinnt Weiss glatt.} ({Hingegen scheint sich Schwarz mit} 13...
Nf4 {noch wehren zu koennen.} 14. Nxh6+ gxh6 15. Qg4+ $1 Kh8 16. Bf1 $1 {
Noch droht Weiss nicht, das verlaufenen gegnerische Ross zu schlagen. Aber was
Laeufer und Dame  nicht zu Wege bringen, droht der weisse g-Bauer zu schaffen.}
16... Rf5 17. Qh4 h5 18. g4 Nxe5 19. dxe5 Ng6 20. Qh3 Rxe5+ 21. Kd1 {Nach gross
em Kampf scheint Schwarz nun doch auf der Verliererstrasse zu enden. Dem
schwarzen Koenig geht es schlecht, waehrend sein Opponent allen Nachstellungen
entronnen ist.} 21... h4 22. f4 Re4 23. Bg2 $18) 14. Nxh6+ gxh6 (14... Kh7 15.
Ng4+ Kg8 16. Qxg6 {ist hoffnungslos.}) 15. Qxg6+ Kh8 16. Qxh6+ Kg8 17. Qg6+ Kh8
18. h4 {Weiss kann ungehindert weitere Reserven heranfuehren.} 18... Qc7 19.
Qh6+ Kg8 20. Rh3 Rf7 21. Rxd3 Qe7 $6 (21... Rg7 {haette den unmittelbaren
Partieverlust abgewendet. Aber mit 4 Bauern fuer die Figur bei anhaltendem
Angriff duerfte Weiss auch dann leicht gewinnen.} 22. Bg5 Rh7) 22. Rg3+ Rg7 23.
Bg5 Qf8 24. Rd1 Qf5 25. Rdd3 Qg6 26. Qxg6 Rxg6 27. h5 Rg7 28. Bf6 Rxg3 29.
Rxg3+ Kh7 30. Rg7+ {Eine flotte Angriffspartie.} 1-0

[Event "10.OIBM"]
[Site "Bad Wiessee"]
[Date "2006.11.06"]
[Round "3.21"]
[White "Schippan, Bernhard"]
[Black "Krivoshey, Sergei"]
[Result "0-1"]
[WhiteElo "2269"]
[BlackElo "2484"]
[PlyCount "100"]
[EventDate "2006.??.??"]

1. e4 d5 2. exd5 Nf6 3. Bb5+ Bd7 4. Be2 Nxd5 5. d4 Bf5 6. Nf3 e6 7. O-O Be7 8.
a3 O-O 9. c4 Nb6 10. Nc3 Nc6 11. Be3 Bf6 12. h3 Bg6 13. b4 Bh5 14. g4 Bg6 15.
Ra2 e5 16. dxe5 Nxe5 17. Rd2 Qc8 18. Nxe5 Bxe5 19. Qb3 Rd8 20. Rfd1 Rxd2 21.
Rxd2 Qe8 22. f4 Bxc3 23. Qxc3 Be4 24. Bd4 f6 25. Bf2 c6 26. Bf1 Qg6 27. Kh2 Re8
28. f5 Qf7 29. Bxb6 axb6 30. Rd6 Qc7 31. c5 bxc5 32. bxc5 Bd5 33. Bc4 h6 34.
Kg1 Kh7 35. Bxd5 cxd5 36. Qd4 b6 37. Qxd5 bxc5 38. Qc6 Qb8 39. Qb6 Qa8 40. Qc6
Qb8 41. Qb6 Qa8 42. Qc6 Re1+ 43. Kf2 Qa5 44. Qd5 Re5 45. Qd2 Qxa3 46. Rd3 Qa4
47. Rd5 Rxd5 48. Qxd5 Qd4+ 49. Qxd4 cxd4 50. Kf3 h5 0-1

[Event "10.OIBM"]
[Site "Bad Wiessee"]
[Date "2006.11.06"]
[Round "3.22"]
[White "Hoffmann, Michael"]
[Black "Eitel, Harald"]
[Result "1-0"]
[WhiteElo "2477"]
[BlackElo "2259"]
[PlyCount "77"]
[EventDate "2006.??.??"]

1. e4 e5 2. Nf3 d6 3. d4 Nd7 4. Bc4 c6 5. O-O Be7 6. dxe5 dxe5 7. Ng5 Nh6 8.
Qh5 O-O 9. Rd1 Qe8 10. h3 b5 11. Be2 Nc5 12. b4 f6 13. Qxe8 Rxe8 14. bxc5 fxg5
15. Be3 Be6 16. Nd2 Red8 17. a4 a6 18. Nb3 Rdc8 19. Ra2 Kf8 20. Rda1 b4 21. a5
Ng8 22. Ra4 Rcb8 23. Bd2 Nf6 24. Rxb4 Rxb4 25. Bxb4 Nxe4 26. Bf3 Bd5 27. Re1
Rb8 28. Bxe4 Bxb3 29. c3 Bc4 30. Bxc6 Rc8 31. Bb7 Rc7 32. c6 Bb5 33. Rxe5 Bxb4
34. cxb4 Bxc6 35. Bxa6 Bd7 36. Bb5 Rc1+ 37. Kh2 Bc8 38. a6 Kf7 39. Rc5 1-0

[Event "10.OIBM"]
[Site "Bad Wiessee"]
[Date "2006.11.06"]
[Round "3.23"]
[White "Wichmann, Daniel"]
[Black "Dimakiling, Oliver"]
[Result "0-1"]
[WhiteElo "2257"]
[BlackElo "2476"]
[PlyCount "50"]
[EventDate "2006.??.??"]

1. e4 e5 2. Nc3 Bc5 3. Bc4 Nf6 4. d3 c6 5. Nf3 d6 6. h3 O-O 7. O-O h6 8. Bb3 b5
9. a4 b4 10. Ne2 Bb6 11. Ng3 Be6 12. c3 bxc3 13. bxc3 Nbd7 14. d4 Bxb3 15. Qxb3
Re8 16. Re1 {Diagramm #} 16... d5 17. Nxe5 Nxe5 18. dxe5 Nxe4 19. Nxe4 Rxe5 20.
Bxh6 gxh6 21. Ng3 Rg5 22. c4 Qf6 23. Ra2 Qf4 24. c5 Bxc5 25. Qb7 Qxg3 0-1

[Event "10.OIBM"]
[Site "Bad Wiessee"]
[Date "2006.11.06"]
[Round "3.24"]
[White "Kopylov, Mihail"]
[Black "Kempter, Ronald"]
[Result "1/2-1/2"]
[WhiteElo "2469"]
[BlackElo "2257"]
[PlyCount "63"]
[EventDate "2006.??.??"]

1. d4 Nf6 2. c4 c5 3. d5 b5 4. cxb5 a6 5. bxa6 g6 6. Nc3 Bxa6 7. g3 d6 8. Bg2
Bg7 9. Nf3 O-O 10. O-O Nbd7 11. Qc2 Ra7 12. Rd1 Qa8 13. e4 Rb8 14. Rb1 Ne8 15.
Bg5 Kf8 16. b3 Nc7 17. a4 Rab7 18. Na2 Ne8 19. Bd2 Be2 20. Rdc1 c4 21. Nb4 Rxb4
22. Bxb4 Bd3 23. Qd2 Bxb1 24. Rxb1 cxb3 25. a5 b2 26. Nd4 Ne5 27. Bf1 Qa7 28.
Kg2 Nc4 29. Bxc4 Qxd4 30. Qxd4 Bxd4 31. Ba3 Nc7 32. a6 1/2-1/2

[Event "10.OIBM"]
[Site "Bad Wiessee"]
[Date "2006.11.06"]
[Round "3.25"]
[White "Kaminik, Aleksandar"]
[Black "Zysk, Robert"]
[Result "0-1"]
[WhiteElo "2251"]
[BlackElo "2468"]
[PlyCount "90"]
[EventDate "2006.??.??"]

1. d4 f5 2. g3 Nf6 3. Bg2 g6 4. Nc3 Bg7 5. Nh3 Nc6 6. d5 Ne5 7. Nf4 c6 8. O-O
O-O 9. a4 cxd5 10. Nfxd5 Nxd5 11. Bxd5+ e6 12. Bg2 d5 13. a5 a6 14. e3 Bd7 15.
Qe2 Rc8 16. Rd1 Qc7 17. Ra2 Rfd8 18. Bd2 Nc4 19. Be1 Be8 20. b3 Nd6 21. Nb1 Bb5
22. Qf3 Ne4 23. h4 Bc6 24. Qe2 Bb5 25. Qf3 e5 26. Na3 Bc6 27. Qe2 d4 28. Nc4
Re8 29. Nb6 Rcd8 30. Qc4+ Kh8 31. exd4 exd4 32. h5 Qe7 33. hxg6 hxg6 34. Qe2
Qg5 35. f4 Qh6 36. Qf1 Nc3 37. Bxc3 dxc3 38. Bxc6 bxc6 39. Raa1 Rd2 40. Rxd2
cxd2 41. Rd1 Bc3 42. Qd3 Re1+ 43. Kf2 Qh2+ 44. Kf3 Qh1+ 45. Kf2 Rxd1 0-1

[Event "10.OIBM"]
[Site "Bad Wiessee"]
[Date "2006.11.06"]
[Round "3.26"]
[White "Meins, Gerlef"]
[Black "Braunschlaeger, Claus"]
[Result "1/2-1/2"]
[WhiteElo "2464"]
[BlackElo "2239"]
[PlyCount "62"]
[EventDate "2006.??.??"]

1. d4 d5 2. c4 e6 3. Nf3 Nf6 4. g3 Bb4+ 5. Bd2 Be7 6. Bg2 O-O 7. O-O c6 8. b3
Nbd7 9. Nc3 b6 10. Re1 Ba6 11. e4 dxc4 12. Bf1 e5 13. Nxe5 Nxe5 14. dxe5 Nd7
15. Bf4 Bb4 16. Rc1 Qe7 17. Bxc4 Bxc4 18. bxc4 Nxe5 19. Bxe5 Qxe5 20. Qb3 Bxc3
21. Qxc3 Qxc3 22. Rxc3 Rfd8 23. Ra3 Rd7 24. c5 b5 25. Ra6 Rc8 26. Rb1 Kf8 27.
a4 Rb7 28. axb5 cxb5 29. c6 Rb6 30. Rxa7 Rcxc6 31. Rd1 Rd6 1/2-1/2

[Event "10.OIBM"]
[Site "Bad Wiessee"]
[Date "2006.11.06"]
[Round "3.32"]
[White "Wenner, Tobias"]
[Black "Morawietz, Dieter"]
[Result "0-1"]
[WhiteElo "2205"]
[BlackElo "2438"]
[PlyCount "60"]
[EventDate "2006.??.??"]

1. Nf3 Nf6 2. c4 e6 3. g3 b6 4. Bg2 Bb7 5. O-O Be7 6. b3 O-O 7. Bb2 d5 8. e3
dxc4 9. bxc4 c5 10. d3 Qc8 11. Qe2 Rd8 12. Rd1 Nc6 13. Nc3 Na5 14. Rab1 Ne8 15.
Bh3 Nd6 16. Nd5 Bf8 17. Nf4 Nf5 18. Ng5 h6 19. Nxf7 Kxf7 20. Qh5+ Ke7 21. Ng6+
Kd7 22. Be5 Bd6 23. Bxf5 exf5 24. Bxg7 Kc7 25. Qxh6 Qe6 26. Nf4 Qxh6 27. Bxh6
Kd7 28. Bg5 Rg8 29. h4 Bf3 30. Re1 Rxg5 0-1

[Event "10.OIBM"]
[Site "Bad Wiessee"]
[Date "2006.11.06"]
[Round "3.33"]
[White "Wippermann, Till"]
[Black "Graf, Felix"]
[Result "0-1"]
[WhiteElo "2427"]
[BlackElo "2207"]
[PlyCount "72"]
[EventDate "2006.??.??"]

1. e4 e6 2. d4 d5 3. Nc3 Bb4 4. exd5 exd5 5. Bd3 Nc6 6. a3 Bxc3+ 7. bxc3 Nce7
8. Qf3 Nf6 9. h3 O-O 10. Bg5 {Diagramm #} 10... Ne4 11. Bxe4 dxe4 12. Qxe4 f6
13. Be3 f5 14. Qh4 Qe8 15. Kd1 f4 16. Bd2 Bf5 17. Nf3 Ng6 18. Qh5 Qe4 19. Ne1
Qd5 20. Kc1 c5 21. Nf3 Rad8 22. Re1 Qc4 23. Ne5 Qa4 24. Ra2 cxd4 25. Qe2 Rc8
26. Qf3 dxc3 27. Bxc3 Nxe5 28. Rxe5 Qc4 29. Kb2 Rf6 30. a4 Rb6+ 31. Rb5 Rxb5+
32. axb5 {Diagramm #} 32... Bxc2 33. Ra3 Be4 34. Qh5 f3 35. Qe5 Qe2+ 36. Ka1
Qd1+ 0-1

[Event "10.OIBM"]
[Site "Bad Wiessee"]
[Date "2006.11.06"]
[Round "3.40"]
[White "Berglitz, Regina Hedwig"]
[Black "Georgiev, Vladimir"]
[Result "0-1"]
[WhiteElo "2088"]
[BlackElo "2532"]
[PlyCount "41"]
[EventDate "2006.??.??"]

1. e4 c5 2. c3 d5 3. exd5 Qxd5 4. d4 Nc6 5. Nf3 Bg4 6. Be2 cxd4 7. cxd4 e6 8.
O-O Qa5 9. Nc3 Bb4 10. h3 Bh5 11. Be3 Nge7 12. Qb3 O-O 13. a3 Bxc3 14. bxc3 Qc7
15. Rab1 b6 16. Rfc1 Rad8 17. Bg5 Rd7 18. Rb2 Na5 19. Qa4 Bxf3 20. Bxf3 Nf5 21.
Bf4 0-1